000 00431cam a2200181 4500
001 D12841
008 090401t1936 xxu||||| |||| 00| 0 eng d
035 _a(Sirsi) u6201
041 _aeng
100 _aGordon, Robert Abercromby
245 _aCompulsory acquisition of land and compensation
250 _a2nd
260 _bStevens and Sons
_c1936
350 _a0
520 _aShelf 181
942 _n0
948 _c04/03/1997
999 _c86255
_d86255